00773nam a22002534a 4500001000800000007000300008008004100011040001200052041000800064043000700072082002400079110008800103245006500191250001000256260002600266300001700292650004200309650003300351650002700384650002600411650003100437650002100468653003000489ESSALUDta t1982 pe gr 00| 0 spa d aESSALUD aspa cpe a368.4201bIN59/1982 aInstituto Peruano de Seguridad Social. Oficina de Actuariado y Estadísticaeautor aBoletín estadístico de prestaciones de salud: año 1982 a1 ed. aLima : bIPSS, c1982 a55 páginas aESTADÍSTICAS DE ATENCIÓN MÉDICA aESTADÍSTICAS HOSPITALARIAS aATENCIÓN AMBULATORIA aACCIDENTES DE TRABAJO aENFERMEDADES PROFESIONALES aSEGURIDAD SOCIAL aPRESTACIONES ECONÓMICAS